Music Quiz

Random Music or Disney Quiz

Figure Out the Disney Lyrics VII Quiz Stats

 Plays Quiz Updated Jun 14, 2018

Challenge
Share
Tweet
Embed
Score 0/198 Timer 08:00
23 Plays Today
% Correct
I
97.9%
I
97.6%
I
97.6%
I
97.6%
I
97.6%
a
97.4%
A
97.4%
a
97.4%
A
97.4%
a
97.4%
a
97.4%
A
97.4%
A
97.4%
a
97.4%
a
97.4%
A
97.4%
A
97.4%
A
97.4%
A
97.4%
the
96.2%
you
93.2%
you.
93.2%
you
93.2%
you.
93.2%
you
93.2%
you
93.2%
you
93.2%
can
88.2%
can
88.2%
me,
87.9%
me
87.7%
me.
87.7%
an
86.4%
and
85.5%
and
85.5%
to
85.1%
to
85.1%
to
85.1%
to
85.1%
to
85.1%
to
85.1%
to
85.1%
on
82.8%
world
82%
world.
82%
world,
81.9%
world,
81.9%
world
81.9%
world
81.9%
world
81.9%
world.
81.9%
when
80.9%
show
80.9%
when
80.8%
go,
80.7%
go
80.7%
be.
80.1%
be.
80.1%
No
79.9%
no,
79.9%
your
79.4%
new
79.3%
your
79.3%
your
79.3%
your
79.3%
new
79.2%
% Correct
new
79.2%
new
79.2%
new
79.2%
new
79.2%
new
79.2%
new
79.2%
new
79.2%
whole
78.8%
whole
78.7%
whole
78.7%
whole
78.7%
whole
78.7%
whole
78.7%
whole
78.7%
in
78.6%
where
78.2%
where
78.2%
where
78.2%
of
78%
it
76.5%
Tell
76.2%
tell
76%
us
74.6%
one
73%
magic
72.7%
let
72.7%
with
72.7%
With
72.7%
with
72.7%
Let
72.4%
carpet
72.3%
heart
71.7%
ride.
71.6%
or
71.2%
or
71.2%
did
70.8%
princess,
70.8%
take
70.5%
now
70.4%
now
70.3%
shining,
69.4%
wonder
68.9%
wonder.
68.9%
shimmering,
68.7%
by
68.4%
last
68.1%
eyes,
67.8%
eyes.)
67.8%
decide?
67.6%
we're
67.5%
that
67.5%
view.
67.4%
point
67.2%
place
67.1%
place,
67.1%
up
66.6%
I'm
66%
I'm
66%
I'm
66%
open
66%
splendid.
65.9%
under
65.8%
for
65.2%
fantastic
65.1%
so
65%
Over
65%
% Correct
it's
64.3%
see.
64.1%
here
63.3%
way
62.3%
say
62.2%
never
61.7%
only
61.5%
dreaming.
60.2%
sideways
59.8%
knew.
59.3%
clear
59%
(Don't
58.8%
crystal
58.3%
But
57.8%
close
55.8%
dare
54%
this
51.3%
dazzling
49.8%
sky.
48.3%
like
47.7%
star,
47.6%
can't
46.2%
feeling.
45.9%
Unbelievable
44.5%
sights,
44.3%
come
44%
indescribable
43.5%
Soaring
43.1%
far,
42.1%
share
42%
through
41.9%
back
41.6%
I've
41.2%
endless
41.1%
diamond
40.7%
tumbling
40.6%
used
40.5%
shooting
40%
Every
39.5%
Every
39.5%
we'll
39.2%
freewheeling
37.9%
time
37.3%
better.)
36.7%
That's
36.1%
wondrous
34.8%
I'll
34.7%
(Hold
34.7%
gets
34.6%
things
33.6%
them
33.1%
breath
32.8%
chase
32.7%
chase.
32.7%
thousand
32.1%
turn
32.1%
thrilling
32%
surprise.
31.6%
hundred
31.5%
horizons
30.1%
moment
30%
red-letter.
29%
anywhere,
28.2%
spare.
27.1%
there's
26.8%
pursue.
22.9%

You're not logged in!

Compare scores with friends on all Sporcle quizzes.
Join for Free
OR
Log In

You Might Also Like...

Show Comments

Extras

Top Quizzes Today


Score Distribution

Your Account Isn't Verified!

In order to create a playlist on Sporcle, you need to verify the email address you used during registration. Go to your Sporcle Settings to finish the process.

Report this User

Report this user for behavior that violates our Community Guidelines.

Details: